Statistics for Memphis Grizzlies 2000’s Starters

Click here to take the quiz!

General Stats

  • This quiz has been taken 70 times
  • The average score is 10 of 23

Answer Stats

PlayerStarts% Correct
Marc Gasol1
100%
Pau Gasol7
100%
Mike Conley2
87%
Jason Williams4
69%
Mike Miller4
67%
Shareef Abdur-Rahim2
65%
Shane Battier4
63%
Mike Bibby2
62%
Rudy Gay3
62%
Bryant Reeves2
52%
O.J. Mayo1
44%
Eddie Jones1
38%
Lorenzen Wright5
38%
Damon Stoudamire1
35%
Hakim Warrick1
21%
James Posey1
21%
Michael Dickerson2
21%
Chucky Atkins1
12%
Darko Miličić1
8%
Othella Harrington2
8%
Darrell Arthur1
6%
Grant Long1
6%
Wesley Person1
6%

Score Distribution

Percentile by Number Answered

Percent of People with Each Score

Your Score History

You have not taken this quiz